| 000 | 00773nam a22001817a 4500 | ||
|---|---|---|---|
| 005 | 20241015112929.0 | ||
| 010 | _aHIN-128609 | ||
| 020 |
_c650.00 _a9789383056477 |
||
| 035 | _aHN-100955 | ||
| 037 | _bDBAD | ||
| 082 | _a954.11 | ||
| 100 |
_aजैन,प्रकाश चंद _972821 |
||
| 245 |
_aकश्मीर:मिथक और यथार्थ/ _cप्रकाश चंद जैन |
||
| 260 |
_aजयपुर _bमोनिका प्रकाशन _c2022 |
||
| 270 |
_a85/175, प्रताप नगर , सांगानेर _bजयपुर _e302033 _k9928029234 _k9887001185 _mmonikaprakashan.jpr@gmail.com |
||
| 300 |
_a342पृ. _c22 सेमी. (सजिल्द) |
||
| 942 |
_2ddc _cHN _h954.11 _mजैन |
||
| 999 |
_c206402 _d206402 |
||